| 000 | 00537nam a2200157Ia 4500 | ||
|---|---|---|---|
| 008 | 230907s9999||||xx |||||||||||||| ||und|| | ||
| 082 |
_a621.3 _bSAQ |
||
| 100 |
_aSaqlain Ahmad (00000170601) _9116421 |
||
| 245 | 0 | _aModelling and Stability Analysis of Looped Distribution Network with High Penetration of Distribution Generation / | |
| 260 |
_aUSPCAS-E, NUST, _bIslamabad : _c2018 |
||
| 300 | _a97 p. | ||
| 520 | _aTH-126 | ||
| 650 |
_aMS-EEP Thesis MS Thesis _9116422 |
||
| 700 |
_aDr Syed Ali Abbas Kazmi _9117439 |
||
| 942 |
_cTHE _2ddc |
||
| 999 |
_c601805 _d601805 |
||